| 000 | 00644nam a2200205Ia 4500 | ||
|---|---|---|---|
| 005 | 20220216123227.0 | ||
| 008 | 210716s2005 xx 000 0 und d | ||
| 020 | _a8177589385 | ||
| 040 | _cAIMIT LIBRARY | ||
| 041 | _aeng | ||
| 082 |
_a658.3 _24 _bGOML |
||
| 100 |
_aGomez- Mejia, Luis R. _920230 |
||
| 245 |
_aManaging human resources : _cBy Luis R Gomez- Mejia, David B Balkin and Robert L Cardy. |
||
| 250 |
_a4th ed _bLow Price Edition |
||
| 260 |
_aNew Delhi : _bPearson Education ; _c2008 |
||
| 300 |
_a717p ; _c27.5 cm. |
||
| 650 |
_aIntroduction _920231 |
||
| 700 |
_aBalkin, David B. _920232 |
||
| 942 |
_2ddc _cBK _e4th _k658.3 GOML |
||
| 999 |
_c202591 _d202591 |
||